000 00548cam a2200229ua 4500
020 _c70.00
041 _aeng
_h
082 _a621.8
_bBAN/ME
100 _aBanga, T.R.
245 _aMechanical engineering hand book /
_cT R Banga.
_hTextual Documents
250 _a2 /
_b.
260 _aDelhi :
_bKhanna publishers ,
_c1991.
300 _a804 ; .
365 _a70.00
500 _a* CSS
504 _a
700 1 _aSharma, S.C.
700 1 _aTahil, Manghnani .
942 _cBK
999 _c11104
_d11104